| 000 | 00346nam a22001577a 4500 | ||
|---|---|---|---|
| 003 | SGT | ||
| 020 | _a9789352706921 | ||
| 082 |
_a612 _bR21S |
||
| 100 | _aSEMBULINGAM, K. | ||
| 245 | _aREVIEW OF MEDICAL PHYSIOLOGY | ||
| 250 | _a3RD | ||
| 260 |
_aINDIA _bJAYPEE PUB _c2021 |
||
| 300 | _a144 | ||
| 650 | _aHUMAN PHYSIOLOGY | ||
| 942 |
_2ddc _cBK _037 |
||
| 999 |
_c20975 _d20975 |
||